[Event "Titled Tuesday intern op 06th Feb Early"]
[Site "Chess.com INT"]
[Date "2024.02.06"]
[Round "3"]
[White "Dmitrenko, Viktor"]
[Black "Sadykov, Ramil"]
[Result "0-1"]
[WhiteElo "2395"]
[BlackElo "2313"]
[PlyCount "90"]
[EventDate "2024.02.06"]
[EventType "swiss (blitz)"]
[EventRounds "11"]
[EventCountry "USA"]
[SourceTitle "CB07_2024"]
[SourceDate "2024.02.14"]
[SourceVersion "1"]
[SourceVersionDate "2024.02.14"]
[SourceQuality "1"]

1. e4 c5 2. Nf3 e6 3. c3 Nf6 4. e5 Nd5 5. d4 cxd4 6. cxd4 d6 7. Bc4 Be7 8. 0-0 0-0 9. Qe2 Bd7 10. Rd1 Bc6 11. Nc3 Nxc3 12. bxc3 Nd7 13. exd6 Bxd6 14. Ng5 Nf6 15. Bd3 Rc8 16. c4 b6 17. Bb2 Qe7 18. Re1 Ba3 19. d5 Bxb2 20. Qxb2 Bd7 21. dxe6 Bxe6 22. Qc2 h6 23. Nxe6 fxe6 24. Qe2 Rc6 25. Rad1 Rfc8 26. h3 Re8 27. Bc2 e5 28. Ba4 Qc5 29. Bxc6 Qxc6 30. Qd3 e4 31. Qd4 Kh8 32. Re3 Re7 33. Qc3 Rb7 34. Rg3 Rc7 35. Qe5 Qxc4 36. Rd8+ Ng8 37. Qe8 Qxa2 38. Rg6 Qf7 39. Qxf7 Rxf7 40. Re6 Kh7 41. Rxe4 Nf6 42. Ra4 a5 43. Rb8 Nd7 44. Rd4 Nxb8 45. Rd6 Rb7 0-1

[Event "Titled Tuesday intern op 06th Feb Early"]
[Site "Chess.com INT"]
[Date "2024.02.06"]
[Round "10"]
[White "Ismayil, Malak"]
[Black "Sadykov, Ramil"]
[Result "0-1"]
[WhiteElo "2200"]
[BlackElo "2313"]
[PlyCount "110"]
[EventDate "2024.02.06"]
[EventType "swiss (blitz)"]
[EventRounds "11"]
[EventCountry "USA"]
[SourceTitle "CB07_2024"]
[SourceDate "2024.02.14"]
[SourceVersion "1"]
[SourceVersionDate "2024.02.14"]
[SourceQuality "1"]

1. e4 c5 2. Nf3 e6 3. c3 Nf6 4. e5 Nd5 5. g3 d6 6. exd6 Bxd6 7. Bg2 Nc6 8. 0-0 0-0 9. d4 cxd4 10. cxd4 b6 11. Nc3 Nxc3 12. bxc3 Ba6 13. Re1 Na5 14. Bd2 Rc8 15. Qc2 Qc7 16. Ng5 g6 17. Ne4 Bb7 18. h4 Bxe4 19. Qxe4 Nc4 20. Bh6 Rfe8 21. h5 Na3 22. Rac1 b5 23. hxg6 hxg6 24. Bg5 Bf8 25. Bf4 Qa5 26. Qd3 Bg7 27. Bd6 Nc4 28. Bb4 Qc7 29. Bc5 Red8 30. Qf3 Nb2 31. Re2 Na4 32. Ba3 a5 33. Rec2 Bf8 34. Bxf8 Kxf8 35. Qd3 Rb8 36. Bf1 Kg7 37. Qe4 Qd6 38. Qf3 Rdc8 39. Rd1 Rc7 40. c4 bxc4 41. Rxc4 Rxc4 42. Bxc4 Nb2 43. Rc1 Nxc4 44. Rxc4 Rb4 45. Rxb4 Qxb4 46. Qe3 Qb1+ 47. Kg2 Qxa2 48. Qe5+ Kh7 49. Qf6 Qd5+ 50. Kh2 Qf5 51. Qd8 Qxf2+ 52. Kh3 a4 53. Qd7 a3 54. Qa7 a2 55. d5 Qxa7 0-1

[Event "Titled Tuesday intern op 06th Feb Early"]
[Site "Chess.com INT"]
[Date "2024.02.06"]
[Round "6"]
[White "Sadykov, Ramil"]
[Black "Costachi, Mihnea"]
[Result "0-1"]
[WhiteElo "2313"]
[BlackElo "2471"]
[PlyCount "78"]
[EventDate "2024.02.06"]
[EventType "swiss (blitz)"]
[EventRounds "11"]
[EventCountry "USA"]
[SourceTitle "CB07_2024"]
[SourceDate "2024.02.14"]
[SourceVersion "1"]
[SourceVersionDate "2024.02.14"]
[SourceQuality "1"]

1. e4 g6 2. d4 Bg7 3. c4 Nc6 4. Be3 d6 5. Nc3 e5 6. Nge2 exd4 7. Nxd4 Nxd4 8. Bxd4 Nf6 9. g3 0-0 10. Bg2 Re8 11. 0-0 c6 12. Qd3 Be6 13. Rad1 Qe7 14. b3 Red8 15. h3 h5 16. Kh1 h4 17. g4 Ne8 18. Be3 Nc7 19. f4 f5 20. exf5 gxf5 21. g5 d5 22. cxd5 Nxd5 23. Nxd5 Bxd5 24. Qe2 Re8 25. Rxd5 cxd5 26. Bxd5+ Kf8 27. Qh5 Rad8 28. Bc5 Rxd5 29. Bxe7+ Rxe7 30. Rc1 Rd8 31. Qh7 Rf7 32. Qxh4 Kg8 33. g6 Rfd7 34. Qh5 Rd5 35. h4 Kf8 36. Qh7 Rd4 37. h5 Rxf4 38. h6 Rh4+ 39. Kg2 Rxh6 0-1

[Event "Titled Tuesday intern op 06th Feb Early"]
[Site "Chess.com INT"]
[Date "2024.02.06"]
[Round "11"]
[White "Sadykov, Ramil"]
[Black "Kochiev, Ivan"]
[Result "1-0"]
[WhiteElo "2313"]
[BlackElo "2051"]
[PlyCount "51"]
[EventDate "2024.02.06"]
[EventType "swiss (blitz)"]
[EventRounds "11"]
[EventCountry "USA"]
[SourceTitle "CB07_2024"]
[SourceDate "2024.02.14"]
[SourceVersion "1"]
[SourceVersionDate "2024.02.14"]
[SourceQuality "1"]

1. d4 Nf6 2. Nc3 d5 3. Bf4 a6 4. e3 Bf5 5. Nf3 e6 6. Ne5 h6 7. g4 Bh7 8. Bd3 Bxd3 9. Nxd3 Nbd7 10. Qf3 Bd6 11. 0-0-0 Rc8 12. h4 Qe7 13. g5 Ng8 14. e4 dxe4 15. Nxe4 h5 16. Rhe1 Nb6 17. d5 Nxd5 18. c4 Nxf4 19. Nxf4 Bxf4+ 20. Qxf4 Qb4 21. g6 f6 22. Nxf6+ gxf6 23. Rxe6+ Kf8 24. Rxf6+ Kg7 25. Rf7+ Kxg6 26. Rg1# 1-0

[Event "Titled Tuesday intern op 06th Feb Early"]
[Site "Chess.com INT"]
[Date "2024.02.06"]
[Round "4"]
[White "Sadykov, Ramil"]
[Black "Vakhlamov, Igor L"]
[Result "0-1"]
[WhiteElo "2313"]
[BlackElo "2413"]
[PlyCount "58"]
[EventDate "2024.02.06"]
[EventType "swiss (blitz)"]
[EventRounds "11"]
[EventCountry "USA"]
[SourceTitle "CB07_2024"]
[SourceDate "2024.02.14"]
[SourceVersion "1"]
[SourceVersionDate "2024.02.14"]
[SourceQuality "1"]

1. e4 c5 2. Nf3 e6 3. c4 Nc6 4. Nc3 Nf6 5. Be2 d5 6. exd5 exd5 7. d4 cxd4 8. Nxd4 Bc5 9. Nxc6 bxc6 10. cxd5 cxd5 11. b4 Bb6 12. 0-0 0-0 13. Bg5 Be6 14. Bxf6 Qxf6 15. Nxd5 Bxd5 16. Qxd5 Rad8 17. Qf3 Qb2 18. Rfb1 Qd4 19. a4 Rd6 20. Rd1 Qxb4 21. Rxd6 Qxd6 22. a5 Qe5 23. Rd1 Qxa5 24. Bc4 Qc5 25. Bb3 Qe5 26. g3 Qe7 27. Qf5 g6 28. Qd7 Qf6 29. Rd2 Rd8 0-1

[Event "Titled Tuesday intern op 19th Dec Early"]
[Site "Chess.com INT"]
[Date "2023.12.19"]
[Round "5"]
[White "Bazilius, Augustinas"]
[Black "Sadykov, Ramil"]
[Result "1-0"]
[WhiteElo "2030"]
[BlackElo "2313"]
[PlyCount "73"]
[EventDate "2023.12.19"]
[EventType "swiss (blitz)"]
[EventRounds "11"]
[EventCountry "USA"]
[SourceTitle "CB52_2023"]
[SourceDate "2023.12.27"]
[SourceVersion "1"]
[SourceVersionDate "2023.12.27"]
[SourceQuality "1"]

1. d4 d6 2. c4 e5 3. e3 f5 4. Nc3 Nf6 5. g3 c6 6. Bg2 Be7 7. Nge2 0-0 8. 0-0 Qc7 9. b3 a5 10. Bb2 Na6 11. a3 Kh8 12. Qc2 Be6 13. Rac1 Rad8 14. Rfd1 Bc8 15. h3 Rfe8 16. c5 dxc5 17. dxe5 Qxe5 18. Nd5 Qe6 19. Nef4 Qf7 20. Nb6 Be6 21. Nxe6 Qxe6 22. Bf1 Nc7 23. Bc4 Ncd5 24. Qd2 Ne4 25. Qxa5 Nxf2 26. Nxd5 Nxh3+ 27. Kg2 cxd5 28. Bb5 Qxe3 29. Bxe8 Bd6 30. Qc3 Qxc3 31. Bxc3 Rxe8 32. Kxh3 d4 33. Bxd4 cxd4 34. Rxd4 Bxa3 35. Rc7 h6 36. Rxb7 Re6 37. Rdd7 1-0

[Event "Titled Tuesday intern op 19th Dec Early"]
[Site "Chess.com INT"]
[Date "2023.12.19"]
[Round "4"]
[White "Grandelius, Nils"]
[Black "Sadykov, Ramil"]
[Result "1-0"]
[WhiteElo "2673"]
[BlackElo "2313"]
[PlyCount "36"]
[EventDate "2023.12.19"]
[EventType "swiss (blitz)"]
[EventRounds "11"]
[EventCountry "USA"]
[SourceTitle "CB52_2023"]
[SourceDate "2023.12.27"]
[SourceVersion "1"]
[SourceVersionDate "2023.12.27"]
[SourceQuality "1"]

1. d4 d5 2. Bf4 Bf5 3. c4 e6 4. Nc3 c6 5. e3 Nf6 6. Qb3 Qb6 7. c5 Qxb3 8. axb3 a6 9. b4 Nh5 10. Be5 f6 11. Bxb8 Rxb8 12. Be2 g6 13. g4 Bxg4 14. Bxg4 f5 15. Bxh5 gxh5 16. Nge2 Bh6 17. Nf4 Bxf4 18. exf4 Rg8 1-0

[Event "Titled Tuesday intern op 19th Sep Early"]
[Site "Chess.com INT"]
[Date "2023.09.19"]
[Round "1"]
[White "Zaichenko, Daria"]
[Black "Sadykov, Ramil"]
[Result "0-1"]
[WhiteElo "2104"]
[BlackElo "2338"]
[PlyCount "98"]
[EventDate "2023.09.19"]
[EventType "swiss (blitz)"]
[EventRounds "11"]
[EventCountry "USA"]
[SourceTitle "EXT 2024"]
[Source "ChessBase"]
[SourceDate "2023.10.10"]
[SourceVersion "1"]
[SourceVersionDate "2023.10.10"]
[SourceQuality "1"]

1. e4 c5 2. Nf3 e6 3. d4 cxd4 4. Nxd4 Nf6 5. Nc3 Bb4 6. Be2 Nxe4 7. Qd3 d5 8. 0-0 Nxc3 9. bxc3 Be7 10. f4 g6 11. f5 gxf5 12. Bh6 Rg8 13. Bh5 Nc6 14. Rae1 Nxd4 15. Qxd4 Qb6 16. Qxb6 axb6 17. Be3 Bc5 18. Bd4 Rxa2 19. Rxf5 Rg7 20. Rxd5 Rxc2 21. g3 Bxd4+ 22. cxd4 Bd7 23. Rd6 Rc6 24. Rd5 Ke7 25. Rb5 Rd6 26. Rb4 Rg5 27. Bf3 Bc6 28. Bxc6 Rxc6 29. Reb1 Kd7 30. Rxb6 Rxb6 31. Rxb6 Kc7 32. Rb4 b5 33. Kf2 Kb6 34. h4 Rf5+ 35. Ke3 Ka5 36. Rb1 b4 37. Ra1+ Kb5 38. Ra7 b3 39. Kd3 Kb4 40. Rb7+ Rb5 41. Rxb5+ Kxb5 42. Kc3 Ka4 43. Kb2 Kb4 44. g4 Kc4 45. g5 Kb4 46. h5 Kc4 47. Kb1 Kxd4 48. g6 fxg6 49. hxg6 hxg6 0-1

[Event "AI Cup Play In"]
[Site "Chess.com INT"]
[Date "2023.09.18"]
[Round "6"]
[White "Sadykov, Ramil"]
[Black "Muradli, Mahammad"]
[Result "1/2-1/2"]
[WhiteElo "2338"]
[BlackElo "2550"]
[PlyCount "118"]
[EventDate "2023.09.18"]
[EventType "swiss (rapid)"]
[EventRounds "9"]
[EventCountry "USA"]
[SourceTitle "EXT 2024"]
[Source "ChessBase"]
[SourceDate "2023.10.10"]
[SourceVersion "1"]
[SourceVersionDate "2023.10.10"]
[SourceQuality "1"]

1. e4 e5 2. Nf3 d6 3. d4 exd4 4. Nxd4 Nf6 5. Nc3 Be7 6. Bc4 0-0 7. 0-0 Nc6 8. Re1 Re8 9. h3 Bd7 10. a4 a6 11. a5 Ne5 12. Bb3 c5 13. Nf3 Nxf3+ 14. Qxf3 Rc8 15. Qd3 Qc7 16. Bc4 Be6 17. Bf4 Rcd8 18. Nd5 Bxd5 19. Bxd5 Nxd5 20. Qxd5 Bf6 21. c3 Re6 22. Red1 Be7 23. b4 Qc8 24. Rd3 Re8 25. Rad1 h6 26. f3 Bf6 27. Qc4 cxb4 28. Qxc8 Rxc8 29. cxb4 Rc4 30. Bxd6 Bc3 31. Kh2 Rg6 32. h4 Bxb4 33. Bxb4 Rxb4 34. h5 Rg5 35. g4 g6 36. hxg6 Rxg6 37. Rd7 Rf6 38. Kg3 Ra4 39. R1d5 Ra3 40. Rf5 Rxf5 41. gxf5 Kg7 42. Rxb7 Rxa5 43. Kf4 Rb5 44. Ra7 a5 45. Ra6 Rc5 46. Kg4 Rb5 47. f4 Rc5 48. e5 Rb5 49. Ra8 Rc5 50. f6+ Kh7 51. Kf5 Rb5 52. Ra7 Kg8 53. Ra8+ Kh7 54. Rf8 Rb7 55. Re8 Rb5 56. Re7 Kg8 57. Re8+ Kh7 58. Rf8 Rb7 59. Ra8 Rb5 1/2-1/2

[Event "Titled Tuesday intern op 12th Sep Early"]
[Site "Chess.com INT"]
[Date "2023.09.12"]
[Round "4"]
[White "Sadykov, Ramil"]
[Black "Sarkar, Justin"]
[Result "1-0"]
[WhiteElo "2338"]
[BlackElo "2290"]
[PlyCount "43"]
[EventDate "2023.09.12"]
[EventType "swiss (blitz)"]
[EventRounds "11"]
[EventCountry "USA"]
[SourceTitle "EXT 2024"]
[Source "ChessBase"]
[SourceDate "2023.10.10"]
[SourceVersion "1"]
[SourceVersionDate "2023.10.10"]
[SourceQuality "1"]

1. e4 e5 2. Nf3 Nc6 3. Bc4 Nf6 4. Ng5 Bc5 5. Bxf7+ Ke7 6. Bb3 Rf8 7. 0-0 d6 8. d3 Bg4 9. Nf3 Nd4 10. Nbd2 Nh5 11. c3 Bxf3 12. Nxf3 Nxf3+ 13. gxf3 Nf4 14. d4 Bb6 15. Kh1 Qe8 16. Rg1 Qh5 17. Rxg7+ Kf6 18. Rg4 Qh3 19. dxe5+ dxe5 20. Bxf4 exf4 21. e5+ Ke7 22. Rg7+ 1-0

[Event "Titled Tuesday intern op 12th Sep Early"]
[Site "Chess.com INT"]
[Date "2023.09.12"]
[Round "2"]
[White "Sadykov, Ramil"]
[Black "Xie, Bryan"]
[Result "0-1"]
[WhiteElo "2338"]
[BlackElo "2329"]
[PlyCount "98"]
[EventDate "2023.09.12"]
[EventType "swiss (blitz)"]
[EventRounds "11"]
[EventCountry "USA"]
[SourceTitle "EXT 2024"]
[Source "ChessBase"]
[SourceDate "2023.10.10"]
[SourceVersion "1"]
[SourceVersionDate "2023.10.10"]
[SourceQuality "1"]

1. e4 c5 2. Nf3 e6 3. d4 cxd4 4. Nxd4 Nc6 5. Nc3 Qc7 6. Be3 a6 7. Qf3 Nf6 8. 0-0-0 Ne5 9. Qg3 b5 10. Bf4 d6 11. Bxb5+ axb5 12. Ndxb5 Qb8 13. Rxd6 Bxd6 14. Nxd6+ Qxd6 15. Bxe5 Qc5 16. Qxg7 Qxe5 17. Qxh8+ Ke7 18. Qg7 Bb7 19. Qg3 Qxg3 20. hxg3 Nxe4 21. Nxe4 Bxe4 22. f3 Rxa2 23. Kb1 Bd5 24. Rxh7 Ra8 25. b3 Rb8 26. Kb2 e5 27. Rh4 Rg8 28. c4 Be6 29. g4 f5 30. Rh7+ Kd6 31. gxf5 Rxg2+ 32. Kc3 Bxf5 33. Rh6+ Kd7 34. Rf6 Be6 35. b4 Rf2 36. b5 Bg4 37. Kb4 Rxf3 38. Rg6 Bf5 39. Rg7+ Kd6 40. b6 Rf1 41. c5+ Kc6 42. Rc7+ Kd5 43. b7 Rb1+ 44. Kc3 e4 45. c6 e3 46. Rc8 e2 47. Re8 Be4 48. Rxe4 Kxe4 49. Kc4 e1Q 0-1

[Event "Titled Tuesday intern op 05th Sep Early"]
[Site "Chess.com INT"]
[Date "2023.09.05"]
[Round "6"]
[White "Sadykov, Ramil"]
[Black "Kanyamarala, Trisha"]
[Result "1-0"]
[WhiteElo "2338"]
[BlackElo "2183"]
[PlyCount "85"]
[EventDate "2023.09.05"]
[EventType "swiss (blitz)"]
[EventRounds "11"]
[EventCountry "USA"]
[SourceTitle "EXT 2024"]
[Source "ChessBase"]
[SourceDate "2023.10.10"]
[SourceVersion "1"]
[SourceVersionDate "2023.10.10"]
[SourceQuality "1"]

1. Nf3 d5 2. c4 c6 3. e3 Nf6 4. b3 e6 5. Bb2 Be7 6. g4 0-0 7. g5 Ne4 8. h4 Nd7 9. d3 Nec5 10. b4 Na6 11. a3 Qb6 12. Qc2 c5 13. b5 Nc7 14. a4 Qd6 15. Rg1 e5 16. Nbd2 f5 17. gxf6 Bxf6 18. cxd5 Nxd5 19. Ne4 Qe6 20. Qb3 Nc7 21. Qxe6+ Nxe6 22. Bh3 Nc7 23. Bxd7 Bxd7 24. Nxc5 Bc8 25. Bxe5 Nd5 26. d4 b6 27. Ne4 Bf5 28. Nxf6+ Nxf6 29. Bxf6 Rxf6 30. Rc1 Be4 31. Ne5 Rh6 32. Rc7 g6 33. f3 Bd5 34. e4 Bb3 35. d5 Bxa4 36. d6 Bxb5 37. d7 Ba6 38. Nc6 Kf8 39. d8Q+ Rxd8 40. Nxd8 Rxh4 41. Rxa7 Bc4 42. Rc7 Rh2 43. Rxc4 1-0

[Event "Titled Tuesday intern op 29th Aug Early"]
[Site "Chess.com INT"]
[Date "2023.08.29"]
[Round "2"]
[White "Drygalov, Sergey"]
[Black "Sadykov, Ramil"]
[Result "1-0"]
[WhiteElo "2547"]
[BlackElo "2338"]
[PlyCount "47"]
[EventDate "2023.08.29"]
[EventType "swiss (blitz)"]
[EventRounds "11"]
[EventCountry "USA"]
[SourceTitle "EXT 2024"]
[Source "ChessBase"]
[SourceDate "2023.10.10"]
[SourceVersion "1"]
[SourceVersionDate "2023.10.10"]
[SourceQuality "1"]

1. d4 d5 2. c4 c6 3. Nf3 Nf6 4. Nc3 e6 5. e3 Nbd7 6. Qc2 Bd6 7. Bd3 0-0 8. 0-0 dxc4 9. Bxc4 b5 10. Be2 Bb7 11. e4 e5 12. dxe5 Nxe5 13. Nh4 Ng6 14. Nf5 Bf4 15. Bxf4 Nxf4 16. Rad1 Qb6 17. e5 N6d5 18. Bf3 Rfe8 19. Rfe1 Rad8 20. Nxd5 Nxd5 21. Nd6 Re6 22. Qf5 Qc7 23. Bg4 Qe7 24. Nxf7 1-0

[Event "Titled Tuesday intern op 29th Aug Early"]
[Site "Chess.com INT"]
[Date "2023.08.29"]
[Round "4"]
[White "Sadykov, Ramil"]
[Black "Monpeurt, Cyrielle"]
[Result "1-0"]
[WhiteElo "2338"]
[BlackElo "2129"]
[PlyCount "101"]
[EventDate "2023.08.29"]
[EventType "swiss (blitz)"]
[EventRounds "11"]
[EventCountry "USA"]
[SourceTitle "EXT 2024"]
[Source "ChessBase"]
[SourceDate "2023.10.10"]
[SourceVersion "1"]
[SourceVersionDate "2023.10.10"]
[SourceQuality "1"]

1. Nf3 c5 2. e4 Nc6 3. Bb5 Na5 4. c3 a6 5. Bd3 g6 6. Bc2 Bg7 7. d4 cxd4 8. cxd4 e6 9. d5 exd5 10. Qxd5 Ne7 11. Qd3 d5 12. Nc3 d4 13. Ne2 Nac6 14. a3 0-0 15. 0-0 Bg4 16. Rd1 Qb6 17. Rb1 Rfd8 18. Bg5 Rac8 19. h3 Be6 20. b4 h6 21. Bxe7 Nxe7 22. Bb3 Bxb3 23. Qxb3 Nc6 24. Rd3 Ne5 25. Nxe5 Bxe5 26. f4 Rc3 27. Qd1 Bg7 28. e5 f6 29. exf6 Bxf6 30. Kh1 Rdc8 31. Rb3 Rxb3 32. Qxb3+ Kg7 33. Qd5 Rd8 34. Qe4 Qb5 35. Nxd4 Bxd4 36. Rxd4 Qf1+ 37. Kh2 Rxd4 38. Qxd4+ Kf7 39. Qd5+ Kf6 40. Qe5+ Kf7 41. Qc7+ Kf6 42. Qb6+ Kf5 43. g4+ Ke4 44. Qxb7+ Ke3 45. Qb6+ Kf3 46. Qc6+ Ke3 47. Qc3+ Ke4 48. Qe5+ Kf3 49. Qd5+ Ke3 50. Qb3+ Kxf4 51. Qf7+ 1-0

[Event "Titled Tuesday intern op 08th Aug Early"]
[Site "Chess.com INT"]
[Date "2023.08.08"]
[Round "3"]
[White "Sadykov, Ramil"]
[Black "Meyers, Mark"]
[Result "1-0"]
[WhiteElo "2338"]
[BlackElo "2206"]
[PlyCount "41"]
[EventDate "2023.08.08"]
[EventType "swiss (blitz)"]
[EventRounds "11"]
[EventCountry "USA"]
[SourceTitle "EXT 2024"]
[Source "ChessBase"]
[SourceDate "2023.10.10"]
[SourceVersion "1"]
[SourceVersionDate "2023.10.10"]
[SourceQuality "1"]

1. e4 c5 2. Nf3 e6 3. d4 cxd4 4. Nxd4 a6 5. Nc3 b5 6. Bd3 d6 7. 0-0 Nf6 8. Re1 Be7 9. Qf3 Bb7 10. a4 b4 11. Na2 d5 12. e5 Nfd7 13. Qg3 g6 14. Bh6 Nc6 15. c3 bxc3 16. bxc3 Nc5 17. Bc2 Na5 18. Nb4 Rc8 19. Qf4 Nc4 20. a5 Ne4 21. Ba4+ 1-0

[Event "Titled Tuesday intern op 01st Aug Early"]
[Site "Chess.com INT"]
[Date "2023.08.01"]
[Round "9"]
[White "Sadykov, Ramil"]
[Black "Rodriguez Santiago, Jaime"]
[Result "1-0"]
[WhiteElo "2338"]
[BlackElo "2020"]
[PlyCount "53"]
[EventDate "2023.08.01"]
[EventType "swiss (blitz)"]
[EventRounds "11"]
[EventCountry "USA"]
[SourceTitle "EXT 2024"]
[Source "ChessBase"]
[SourceDate "2023.10.10"]
[SourceVersion "1"]
[SourceVersionDate "2023.10.10"]
[SourceQuality "1"]

1. d4 Nf6 2. c4 e6 3. Nf3 d5 4. g3 dxc4 5. Bg2 c5 6. 0-0 Nc6 7. Ne5 Bd7 8. Na3 cxd4 9. Naxc4 Be7 10. Qb3 Qc7 11. Bf4 Nh5 12. Nxc6 Nxf4 13. Nxe7 Nxg2 14. Rac1 Qd8 15. Kxg2 Qxe7 16. Qxb7 0-0 17. Ne5 Rfd8 18. Rc7 Rab8 19. Qxa7 Qd6 20. Nxd7 Qd5+ 21. Kg1 Rxb2 22. Qc5 Qa8 23. Ne5 Rxe2 24. Qe7 Rf8 25. Nxf7 Qe4 26. Nh6+ Kh8 27. Qxg7# 1-0

[Event "Titled Tuesday intern op 01st Aug Early"]
[Site "Chess.com INT"]
[Date "2023.08.01"]
[Round "8"]
[White "Sadykov, Ramil"]
[Black "Rozhkov, Viacheslav"]
[Result "0-1"]
[WhiteElo "2338"]
[BlackElo "2145"]
[PlyCount "76"]
[EventDate "2023.08.01"]
[EventType "swiss (blitz)"]
[EventRounds "11"]
[EventCountry "USA"]
[SourceTitle "EXT 2024"]
[Source "ChessBase"]
[SourceDate "2023.10.10"]
[SourceVersion "1"]
[SourceVersionDate "2023.10.10"]
[SourceQuality "1"]

1. e4 c5 2. Nf3 Nc6 3. Bb5 e6 4. Bxc6 bxc6 5. d3 Ne7 6. h4 d6 7. e5 d5 8. h5 h6 9. c4 Nf5 10. Nc3 Be7 11. b3 Qa5 12. Bd2 Qc7 13. 0-0 0-0 14. Na4 f6 15. Bf4 Nd4 16. Nxd4 cxd4 17. Qe2 dxc4 18. dxc4 f5 19. c5 a5 20. Qc4 Rd8 21. Rfd1 Rd5 22. Nb6 Ba6 23. Nxa8 Qa7 24. Qc2 Qxa8 25. Qb2 Bxc5 26. Rac1 Qf8 27. Rc2 d3 28. Rcd2 Bb4 29. a3 Bxa3 30. Qb1 Bb4 31. Rxd3 Bxd3 32. Rxd3 Qc5 33. Rd1 Qc3 34. Rc1 Qd4 35. Be3 Qxe5 36. Rxc6 Kh7 37. g3 Qe4 38. Rc7 Qxb1+ 0-1

[Event "Titled Tuesday intern op 01st Aug Early"]
[Site "Chess.com INT"]
[Date "2023.08.01"]
[Round "3"]
[White "Sadykov, Ramil"]
[Black "Rustemov, Alexander"]
[Result "1/2-1/2"]
[WhiteElo "2338"]
[BlackElo "2525"]
[PlyCount "59"]
[EventDate "2023.08.01"]
[EventType "swiss (blitz)"]
[EventRounds "11"]
[EventCountry "USA"]
[SourceTitle "EXT 2024"]
[Source "ChessBase"]
[SourceDate "2023.10.10"]
[SourceVersion "1"]
[SourceVersionDate "2023.10.10"]
[SourceQuality "1"]

1. e4 e6 2. d4 d5 3. exd5 exd5 4. Bd3 Nc6 5. c3 Bd6 6. Qf3 Nge7 7. Ne2 Be6 8. Bf4 Qd7 9. Bxd6 Qxd6 10. Qg3 Qxg3 11. hxg3 Bf5 12. Bxf5 Nxf5 13. Nf4 0-0-0 14. Nd2 Rhe8+ 15. Kf1 h6 16. g4 Nfe7 17. Nh5 Rg8 18. Re1 Ng6 19. f4 f6 20. Kf2 Nh8 21. f5 Nf7 22. Nf4 Ng5 23. Ne6 Nxe6 24. Rxe6 Rge8 25. Rhe1 Rxe6 26. Rxe6 Kd7 27. Ke3 Re8 28. Rxe8 Kxe8 29. Nb3 b6 30. Nc1 1/2-1/2

[Event "Titled Tuesday intern op 01st Aug Early"]
[Site "Chess.com INT"]
[Date "2023.08.01"]
[Round "5"]
[White "Sadykov, Ramil"]
[Black "Sosa, Tomas Sebastian"]
[Result "0-1"]
[WhiteElo "2338"]
[BlackElo "2556"]
[PlyCount "138"]
[EventDate "2023.08.01"]
[EventType "swiss (blitz)"]
[EventRounds "11"]
[EventCountry "USA"]
[SourceTitle "EXT 2024"]
[Source "ChessBase"]
[SourceDate "2023.10.10"]
[SourceVersion "1"]
[SourceVersionDate "2023.10.10"]
[SourceQuality "1"]

1. e4 c6 2. d4 d5 3. e5 Bf5 4. Nc3 e6 5. g4 Bg6 6. Nge2 h5 7. Nf4 Ne7 8. Nxg6 Nxg6 9. gxh5 Nh4 10. Bd3 c5 11. dxc5 Nc6 12. Qg4 Be7 13. Bf4 d4 14. Ne4 Qd5 15. Ke2 Nf5 16. Nd6+ Bxd6 17. exd6 0-0-0 18. b4 Nxb4 19. Rab1 Qxc5 20. Rhc1 Nxd6 21. Bd2 Nc6 22. c3 Qxh5 23. Qxh5 Rxh5 24. cxd4 Kd7 25. Be3 Rxh2 26. Rg1 g6 27. Rbc1 Rdh8 28. Rg5 R8h5 29. Rcg1 Rxg5 30. Rxg5 Rh4 31. d5 Nd4+ 32. Kf1 N6f5 33. dxe6+ Kxe6 34. Bxd4 Nxd4 35. Kg2 Nc6 36. Rb5 Rb4 37. Rc5 Rb2 38. a3 Ne5 39. Be4 b6 40. Rc7 f5 41. Ba8 a5 42. Kg3 Rb3+ 43. Kh4 Kf6 44. f4 Nf7 45. Rc6+ Kg7 46. Rc7 Rd3 47. Bc6 Kf8 48. Bb5 Rxa3 49. Bc4 g5+ 50. fxg5 Ne5 51. Bd5 Ng6+ 52. Kh5 Nf4+ 53. Kh6 Nxd5 54. g6 Rh3+ 55. Kg5 Rg3+ 56. Kh6 Ne7 57. Rd7 Rxg6+ 58. Kh5 Re6 59. Rd8+ Kf7 60. Rd7 a4 61. Ra7 b5 62. Rb7 Re5 63. Kg5 a3 64. Kf4 Re4+ 65. Kg5 a2 66. Ra7 Ra4 67. Rc7 a1Q 68. Rc2 Qf6+ 69. Kh5 Rh4# 0-1